Score 0/191 Timer 15:00
20 Plays Today
% Correct
Venom
87.3%
Green
Goblin
87.3%
Red Skull
86.6%
Magneto
86.4%
Loki
85.6%
Thanos
85.3%
Doctor Doom
81.8%
Dr. Octopus
81%
Vulture
81%
Galactus
80.1%
Kingpin
79%
Mystique
77.1%
Lizard
75.9%
Carnage
75.8%
Ultron
74.7%
Electro
73.8%
Rhino
73.5%
Dark Phoenix
73.1%
Sandman
72.6%
Juggernaut
71%
MODOK
70.6%
Sentinel
70.1%
Sabre-
tooth
69.6%
Blob
68.9%
Crossbones
68.7%
Scorpion
67.3%
Mysterio
65.9%
Hobgoblin
65.5%
Bullseye
65.4%
Toad
64.8%
Apocalypse
64%
Abomination
63.7%
Ronan
63.5%
Hela
61.4%
Shocker
60.9%
Taskmaster
60.6%
Baron
Zemo
60.2%
Egghead
59.8%
Emma
Frost
59.7%
Ego the Living Planet
59.7%
Dormammu
58.4%
Sinister
58%
Enchantress
57.9%
Kang
56.3%
Dracula
55.9%
Kraven
55.6%
Leader
55.2%
Hammerhead
54.7%
Whiplash
54.4%
Arcade
54%
Purple Man
53.7%
Jack O'Lantern
53%
Mandarin
52.2%
Destroyer
51.7%
8-Ball
51.7%
Mole Man
50.3%
Absorbing Man
49.8%
Super-
Skrull
49.1%
Silver
Samurai
48.8%
Omega Red
48.7%
Lady
Deathstrike
48.2%
Mephisto
47.7%
Beetle
46.7%
Chameleon
46.5%
% Correct
Arnim
Zola
46.2%
Morbius
45.9%
Wendigo
45.4%
Viper
45.1%
High Evolutionary
45%
Ymir the Frost Giant
44.5%
Pyro
43.1%
Onslaught
43%
Baron
Mordo
42.5%
Shaw
42%
Surtur
41.8%
Klaw
41.7%
Malekith
41.7%
Puppet
Master
40.7%
Scarecrow
40.6%
Blackheart
40.6%
Mojo
40.5%
Annihilus
40.3%
Stilt-Man
40.2%
Grey
Gargoyle
39.9%
Spot
39.7%
Wrecker
38.8%
Radio-
active
Man
38.5%
Man-Ape
38.1%
Avalanche
37.9%
Executioner
37.6%
Jackal
37.6%
Iron Monger
37.4%
Stryfe
37.3%
Grim Reaper
37.3%
Jigsaw
37%
Prowler
35.4%
Thunderball
35.1%
Tombstone
34.7%
Boomerang
34.7%
Swordsman
34.5%
Owl
34%
Man-Wolf
33.7%
Constrictor
33.4%
Crimson
Dynamo
33.3%
Whirlwind
33%
Baron
Strucker
32.7%
Terrax
32.3%
Shuma-Gorath
32.2%
Batroc
32%
Hydro-Man
32%
Nightmare
31.7%
Armadillo
31.7%
Deathbird
31.5%
Tarantula
31.3%
Diablo
31.1%
Gargoyle
30.5%
Ghost
30%
Dragon Man
29.2%
Tiger
Shark
29.2%
Hood
28.9%
Gorilla-Man
28.3%
Mr. Hyde
28%
Callisto
27.7%
Nebula
27.2%
Nuke
26.6%
Cottonmouth
26.6%
Swarm
26.6%
Attuma
26.5%
% Correct
Zzzax
26.2%
Kurse
25.8%
Madame
Masque
25.4%
Vertigo
25%
Piledriver
25%
Typhoid
Mary
24.9%
Diamondback
24.8%
Destiny
24.6%
Daken
24%
Bulldozer
23.9%
Songbird
23.9%
Molten Man
23.9%
Moonstone
23.9%
Hate-
Monger
23.8%
Lady
Bullseye
23.7%
Magus
23.6%
Titania
23%
Ringmaster
22.5%
Molecule
Man
22.2%
Black Tom
22%
Mad Thinker
21.7%
Black
Tarantula
21.2%
Titanium Man
21.2%
Blastaar
20%
Mesmero
19.9%
Graviton
19.6%
Bushmaster
19.3%
Count
Nefaria
19.2%
Bastion
19%
Living
Laser
18.2%
Trapster
18.1%
Shadow
King
18%
Bonebreaker
17.5%
Puff
Adder
17.3%
Ulik
17%
Blacklash
16.5%
Melter
16.3%
Bird-Man
15.7%
Gideon
15.7%
Living
Monolith
15.1%
Blackout
15.1%
Commando
15%
Fixer
14.9%
Blizzard
14.9%
Vanisher
14.8%
Bloodaxe
14.5%
Lilith
14%
Scalphunter
14%
Plantman
13.7%
Veranke
13.3%
Cyber
13.3%
D'Ken
13.3%
Unus
13.2%
Cameron
Hodge
12.3%
Zarathos
12.2%
Morg
12.2%
Moses
Magnum
12.1%
Super
Sabre
10.9%
Reignfire
10.2%
Harrier
10.2%
Deathwatch
10%
Evilhawk
9.4%
Wraith
9.3%
Remove Ads.
Support Sporcle.
Get the best of Sporcle when you Go Orange. This ad-free experience offers more features, more stats, and more fun while also helping to support Sporcle. Thank you for becoming a member.

You're not logged in!

Compare scores with friends on all Sporcle quizzes.
OR
Log In

Show Comments

Extras

Top Quizzes Today


Score Distribution

Your Account Isn't Verified!

In order to create a playlist on Sporcle, you need to verify the email address you used during registration. Go to your Sporcle Settings to finish the process.

Report this User

Report this user for behavior that violates our Community Guidelines.

Details: